An introduction to mixed media
| Main Author: | |
|---|---|
| Format: | Book |
| Published: |
London :
Dorling kindersley ,
1995
|
| Subjects: |
MARC
| LEADER | 00000cam a2200000 7i4500 | ||
|---|---|---|---|
| 001 | 0000013866 | ||
| 005 | 20220218.0 | ||
| 020 | |a 0751307483 | ||
| 040 | |a INS | ||
| 090 | 0 | 0 | |a N6537 |b W9301 1995 |
| 100 | 1 | |a Wright, Michael | |
| 245 | 1 | 3 | |a An introduction to mixed media |c Michael Wright |
| 260 | |a London : |b Dorling kindersley , |c 1995 | ||
| 300 | |a 6 : |b 72p ; |c 28cm. | ||
| 650 | 0 | 0 | |a Mixed media painting |x Techniques |
| 999 | |a 0000010243 |b BOOK |c Open Shelf |e Default branch | ||